书目信息 |
| 题名: |
LED照明设计与工程案例
|
|
| 作者: | 彭妙颜 , 周锡韬 , 叶煜晖 编著 | |
| 分册: | ||
| 出版信息: | 北京 中国电力出版社 2015.01 |
|
| 页数: | 180页 | |
| 开本: | 26cm | |
| 丛书名: | ||
| 单 册: | ||
| 中图分类: | TN383.02 | |
| 科图分类: | ||
| 主题词: | 发光二极管--fa guang er ji guan--电路设计 | |
| 电子资源: | ||
| ISBN: | 978-7-5123-6331-1 | |
| 000 | 01002nam0 2200265 450 | |
| 001 | 0106081816 | |
| 005 | 20201106082044.0 | |
| 010 | @a978-7-5123-6331-1@dCNY39.00 | |
| 100 | @a20150712e20202015em y0chiy50 ea | |
| 101 | 0 | @achi |
| 102 | @aCN@b110000 | |
| 105 | @aa z 000yy | |
| 106 | @ar | |
| 200 | 1 | @aLED照明设计与工程案例@ALED zhao ming she ji yu gong cheng an li@f彭妙颜, 周锡韬, 叶煜晖编著 |
| 210 | @a北京@c中国电力出版社@d2015.01@h2020.03 | |
| 215 | @a180页@c图@d26cm | |
| 330 | @a本书把照明设计基础知识与LED照明工程技术内容有机地结合,讲述了LED应用于商店照明、办公照明、博物馆照明、住宅照明、影视舞台照明、道路与隧道照明及景观照明等设计的思路、特点、步骤及有关的标准、规范和工程案例。 | |
| 606 | 0 | @a发光二极管@Afa guang er ji guan@x电路设计 |
| 610 | 0 | @aLED@ALED |
| 690 | @aTN383.02@v5 | |
| 701 | 0 | @a彭妙颜@Apeng miao yan@4编著 |
| 701 | 0 | @a周锡韬@Azhou xi tao@4编著 |
| 701 | 0 | @a叶煜晖@Aye yu hui@4编著 |
| 801 | 0 | @aCN@bBJSZM@c20201106 |
| 905 | @b1192000-3@dTN383.02@e23@f4 | |
| LED照明设计与工程案例/彭妙颜, 周锡韬, 叶煜晖编著.-北京:中国电力出版社,2015.01(2020.03) |
| 180页:图;26cm |
| ISBN 978-7-5123-6331-1:CNY39.00 |
| 本书把照明设计基础知识与LED照明工程技术内容有机地结合,讲述了LED应用于商店照明、办公照明、博物馆照明、住宅照明、影视舞台照明、道路与隧道照明及景观照明等设计的思路、特点、步骤及有关的标准、规范和工程案例。 |
| ● |
| 相关链接 |
|
|
|
|
正题名:LED照明设计与工程案例
索取号:TN383.02/23
 
预约/预借
| 序号 | 登录号 | 条形码 | 馆藏地/架位号 | 状态 | 备注 |
| 1 | 1192000 | 211920000 | 第二样本阅览室/ [索取号:TN383.02/23] | 在馆 | |
| 2 | 1192001 | 211920019 | 第三借阅区/ [索取号:TN383.02/23] | 在馆 | |
| 3 | 1192002 | 211920028 | 第三借阅区/ [索取号:TN383.02/23] | 在馆 | |
| 4 | 1192003 | 211920037 | 第三借阅区/ [索取号:TN383.02/23] | 在馆 |